[Event "45th Olympiad 2024"]
[Site "Budapest HUN"]
[Date "2024.09.14"]
[Round "4.45"]
[Board "2"]
[White "Vandenbussche, Thibaut"]
[Black "Chavez, Ricardo Ernesto"]
[Result "0-1"]
[WhiteElo "2461"]
[BlackElo "2185"]
[PlyCount "54"]
[EventDate "2024.09.11"]
[WhiteTeam "Belgium"]
[BlackTeam "El Salvador"]
[WhiteTeamCountry "BEL"]
[BlackTeamCountry "ESA"]

1. e4 c5 2. Nf3 e6 3. d4 cxd4 4. Nxd4 a6 5. g3 d5 6. Nb3 Nf6 7. exd5 exd5 8. Bg2 Bg4 9. Qd3 Nc6 10. O-O Be7 11. Bg5 ({RR} 11. Nc3 d4 12. Bxc6+ bxc6 13. Qxd4 O-O 14. Qxd8 Rfxd8 15. Be3 Rab8 16. f3 Bf5 17. Nd4 Bd7 18. b3 Bb4 19. Nde2 Bf5 20. Kf2 Re8 21. Na4 Bxc2 22. Rfc1 Bd3 23. Nf4 Bb5 24. a3 Bxa4 25. axb4 Bb5 {½-½ Mekhane,A (2314)-Sousa,A (2431) 3rd Leca Chess Open 2024 (3.9)}) 11... O-O 12. Nc3 Ne5 $146 ({RR} 12... Nb4 13. Qd2 Bf5 14. Rac1 Rc8 15. a3 Nc6 16. Rfe1 d4 17. Ne2 h6 18. Bxf6 Bxf6 19. Nf4 Qd6 20. Nd3 Bg5 21. f4 Bf6 22. Nbc5 Rc7 23. Ne4 Qd8 24. Rcd1 Be7 25. h3 Qc8 26. Kh2 Nb8 27. Rc1 {0-1 Lima,K (2108)-Petkov,M (2489) Titled Tue 15th Aug Early 2023 (2)}) 13. Qd4 Nf3+ 14. Bxf3 Bxf3 15. Rfe1 Re8 16. Re3 Bh5 17. Rae1 Qd7 18. Nxd5 Nxd5 19. Rxe7 Rxe7 20. Rxe7 Qc6 21. Re5 Nc7 22. c4 Ne6 23. Qd5 Qc7 24. Nd4 Bg4 25. Re4 Bh3 26. g4 Nxg5 27. Qxg5 Qxc4 0-1

[Event "45th Olympiad 2024"]
[Site "Budapest HUN"]
[Date "2024.09.14"]
[Round "4.45"]
[Board "3"]
[White "Arias, Daniel"]
[Black "Maerevoet, Sim"]
[Result "1/2-1/2"]
[WhiteElo "2213"]
[BlackElo "2432"]
[PlyCount "175"]
[EventDate "2024.09.11"]
[WhiteTeam "El Salvador"]
[BlackTeam "Belgium"]
[WhiteTeamCountry "ESA"]
[BlackTeamCountry "BEL"]

1. e4 c5 2. Nf3 e6 3. d4 cxd4 4. Nxd4 Nf6 5. Nc3 Nc6 6. a3 Be7 7. Be3 O-O 8. Qe2 d5 9. exd5 ({RR} 9. O-O-O Bd7 10. exd5 exd5 11. h3 Rc8 12. g4 Re8 13. Qd2 Ne5 14. f4 Nc4 15. Bxc4 Rxc4 16. Qd3 Qc8 17. Nde2 b5 18. Bd4 Bc6 19. Kb1 b4 20. axb4 Rxb4 21. Rhe1 Ne4 22. Nxe4 dxe4 23. Qc3 Qa6 {1-0 Svidler,P (2714)-Mamedyarov,S (2782) Saint Louis Blitz 2021 (12)}) 9... Nxd5 10. Nxd5 Qxd5 11. Nxc6 $146 ({RR} 11. Qc4 Qa5+ 12. Bd2 Qe5+ 13. Be3 Bf6 14. Nxc6 bxc6 15. c3 a5 16. O-O-O Ba6 17. Qf4 Qh5 18. g4 Qg6 19. Bxa6 Rxa6 20. g5 Bd8 21. h4 Ra8 22. h5 Qf5 23. Qxf5 exf5 24. Bf4 Re8 25. Rhe1 Rxe1 {½-½ Sharma,D (2295)-Tregubov,P (2592) Wch Rapid St Petersburg 2018 (10)}) ({RR} 11. Rd1 Qa5+ 12. c3 Nxd4 13. Bxd4 Re8 14. Qb5 Qxb5 15. Bxb5 Rf8 16. Ke2 a6 17. Bd3 Bd7 18. Be4 Bc6 19. Bxc6 bxc6 20. Kd3 Rfd8 21. Kc4 Rd5 22. b4 f6 23. f4 Bd6 24. g3 Kf7 25. Rhe1 Re8 {1-0 Zakirov,M (2123)-Papp,P (2280) Titled Tue 14th May Early 2024 (9)}) 11... Qxc6 12. O-O-O Bf6 13. Qb5 Qxb5 14. Bxb5 b6 15. Bc6 Rb8 16. Bd4 Bg5+ 17. Kb1 Bb7 18. Bxb7 Rxb7 19. Be5 Be7 20. Rhe1 Rc8 21. Rd3 f6 22. Bd6 Kf7 23. Bxe7 Rxe7 24. Red1 e5 25. b3 h5 26. Kb2 h4 27. c4 Ke6 28. Rd5 g5 29. Kc3 g4 30. R1d3 Rc6 31. Kd2 Rg7 32. Rd8 Rcc7 33. Rh8 g3 34. hxg3 hxg3 35. fxg3 Rcd7 36. Rxd7 Kxd7 37. Rh3 Kd6 38. Ke3 Kc5 39. Ke4 Rg5 40. Ke3 a5 41. Kd3 Rg4 42. Kc3 a4 43. b4+ Kd6 44. Kd3 Ke6 45. Kc3 Re4 46. Kd3 Rd4+ 47. Kc3 Re4 48. Kd3 Rg4 49. Kc3 Kd6 50. Kd3 Kd7 51. Rh7+ Ke6 52. Rh3 Rd4+ 53. Kc3 Rd8 54. g4 e4 55. Kc2 Rg8 56. Rh4 Rc8 57. Kc3 b5 58. c5 Rd8 59. Rh3 Rd1 60. Kc2 Ra1 61. Rc3 Kd7 62. Kd2 Ra2+ 63. Ke3 Rxg2 64. Kxe4 Rxg4+ 65. Kf5 Rg1 66. Kxf6 Re1 67. Rd3+ Kc6 68. Kf5 Rf1+ 69. Ke4 Re1+ 70. Kd4 Rh1 71. Ke4 Rh4+ 72. Ke3 Rh3+ 73. Kd2 Rh2+ 74. Kc1 Kc7 75. Rd2 Rh3 76. Kb2 Rb3+ 77. Ka2 Rh3 78. Rg2 Kc6 79. Rg6+ Kd5 80. Rd6+ Kc4 81. Rd2 Kc3 82. Rg2 Rh6 83. Rf2 Rg6 84. Rf1 Kc2 85. Rf2+ Kc3 86. Rf3+ Kc2 87. Rf5 Kc3 88. Rf3+ 1/2-1/2

[Event "45th Olympiad 2024"]
[Site "Budapest HUN"]
[Date "2024.09.14"]
[Round "4.45"]
[Board "4"]
[White "Hovhannisyan, Mher"]
[Black "Guevara Ruiz, Marvin Andres"]
[Result "1-0"]
[WhiteElo "2414"]
[BlackElo "2003"]
[PlyCount "103"]
[EventDate "2024.09.11"]
[WhiteTeam "Belgium"]
[BlackTeam "El Salvador"]
[WhiteTeamCountry "BEL"]
[BlackTeamCountry "ESA"]

1. d4 d5 2. c4 e6 3. Nc3 c5 4. cxd5 exd5 5. Nf3 Nc6 6. dxc5 d4 7. Na4 Bxc5 8. Nxc5 Qa5+ 9. Qd2 Qxc5 10. e3 dxe3 11. Qxe3+ Qxe3+ 12. Bxe3 Nge7 13. Bc4 O-O 14. O-O Bg4 15. Ng5 ({RR} 15. Nd2 Rfd8 16. f3 Bf5 17. Ne4 Ne5 18. Bb3 b6 19. Bg5 N5c6 20. Rad1 Kf8 21. Nd6 Bg6 22. Rfe1 Rd7 23. Nc4 Rad8 24. Rxd7 Rxd7 25. Bf4 Nd4 26. Ne5 Rd8 27. Bc4 b5 28. Bf1 Bf5 29. Kf2 f6 {½-½ Aronian,L (2730)-Vidit,S (2722) Chess.com Classic Div 2 L 2024 (4.1)}) 15... Bf5 16. Bc5 h6 $146 ({RR} 16... Bg6 17. Rfe1 Rfe8 18. Nf3 Rac8 19. Rad1 Rc7 20. Bb5 f6 21. Nd4 Bf7 22. Nxc6 bxc6 23. Ba4 Nd5 24. Rxe8+ Bxe8 25. b4 Bf7 26. g3 g5 27. a3 Kg7 28. Rc1 Be8 29. Bb3 Rb7 30. Bc4 Nb6 31. Be2 {1-0 Miedema,D (2339)-Rezasade,A (2302) Oberliga NRW 1213 2012 (9.1)}) 17. Rfe1 Rae8 18. Nf3 Rc8 19. Bxe7 Nxe7 20. Rxe7 Rxc4 21. Rxb7 Ra4 22. b3 Ra6 23. Nd4 Bc8 24. Rc7 Re8 25. Rac1 Be6 26. R7c2 Rb6 27. f3 a6 28. Rc6 Reb8 29. Rxb6 Rxb6 30. Rc6 Rxc6 31. Nxc6 Bd7 32. Ne5 Be6 33. Kf2 Kf8 34. Nd3 Ke7 35. Nc5 Bc8 36. Ke3 Kd6 37. Kd4 Kc6 38. Kc4 Kb6 39. b4 Kc6 40. a4 Kb6 41. Kd5 h5 42. Kd6 g5 43. Nd7+ Ka7 44. Kc7 Bb7 45. Ne5 f5 46. Nc6+ Ka8 47. b5 h4 48. h3 axb5 49. axb5 f4 50. b6 Bxc6 51. Kxc6 Kb8 52. b7 1-0

[Event "45th Olympiad 2024"]
[Site "Budapest HUN"]
[Date "2024.09.14"]
[Round "4.46"]
[Board "1"]
[White "Lee, Junhyeok"]
[Black "Cori, Jorge"]
[Result "1-0"]
[WhiteElo "2364"]
[BlackElo "2609"]
[PlyCount "97"]
[EventDate "2024.09.11"]
[WhiteTeam "South Korea"]
[BlackTeam "Peru"]
[BlackTeamCountry "PER"]

1. e4 e6 2. d4 d5 3. Nc3 Nf6 4. e5 Nfd7 5. f4 c5 6. Nf3 Nc6 7. Be3 Be7 8. Qd2 O-O 9. dxc5 Bxc5 10. O-O-O b6 ({RR} 10... Qa5 11. Bxc5 Nxc5 12. h4 Bd7 13. Rh3 Rac8 14. Kb1 Rfd8 15. h5 h6 16. g4 Be8 17. Nd4 Nxd4 18. Qxd4 Ne4 19. Be2 Nxc3+ 20. Rxc3 Rxc3 21. Qxc3 Qxc3 22. bxc3 Rc8 23. Kb2 Kf8 24. g5 Rc5 25. Bd3 {½-½ Kurnosov,I (2633)-Vitiugov,N (2733) RUS-ch Higher League 64th 2011 (7)}) ({RR} 10... Bxe3 11. Qxe3 Qb6 12. Nd4 Nxd4 13. Rxd4 Nb8 14. Qd2 Nc6 15. Rd3 Nb4 16. Rh3 d4 17. Ne4 Nxa2+ 18. Kb1 Nc3+ 19. Nxc3 dxc3 20. Qxc3 Rd8 21. Bd3 h6 22. g4 Bd7 23. g5 Rac8 24. Qa3 Bc6 25. Rc1 {1-0 Cardoso Cardoso,J (2457)-Panesso Rivera,H (2376) COL-chT Medellin 2021 (3.3)}) 11. Bb5 Bb7 12. h4 $146 ({RR} 12. Ne2 Qe7 13. Kb1 f6 14. Ned4 Bxd4 15. Bxd4 Nxd4 16. Qxd4 fxe5 17. Nxe5 Nxe5 18. Qxe5 Rf5 19. Qd4 Qc5 20. Be2 {½-½ Teran Alvarez,I (2442)-Narciso Dublan,M (2525) ESP-ch KO Ceuta 2008 (2.1)}) 12... Rc8 13. h5 Re8 14. Bxc6 Bxc6 15. Nd4 Bb4 16. a3 Bxc3 17. Qxc3 Ba4 18. Qe1 Qc7 19. Rd2 f6 20. exf6 Nxf6 21. Re2 Ne4 22. Rf1 e5 23. fxe5 Qxe5 24. Nf5 Qc7 25. Qd1 Qc4 26. Bd4 Bd7 27. b3 Qxb3 28. Nxg7 Rf8 29. Rxf8+ Kxf8 30. Qf1+ Kg8 31. Nf5 Qxa3+ 32. Bb2 Qf8 33. g4 Bxf5 34. gxf5 Qh6+ 35. Kb1 Kf7 36. Qd1 Qc6 37. Rg2 Qb5 38. Kc1 Qc5 39. h6 Kf8 40. Qf3 b5 41. f6 Rc7 42. Be5 Rf7 43. Qg4 Ke8 44. Qe6+ Kf8 45. Kd1 d4 46. Re2 d3 47. cxd3 Rc7 48. Bxc7 Nc3+ 49. Ke1 1-0

[Event "45th Olympiad 2024"]
[Site "Budapest HUN"]
[Date "2024.09.14"]
[Round "4.46"]
[Board "2"]
[White "Leiva, Gianmarco"]
[Black "Ahn, Hongjin"]
[Result "0-1"]
[WhiteElo "2389"]
[BlackElo "2251"]
[PlyCount "66"]
[EventDate "2024.09.11"]
[WhiteTeam "Peru"]
[BlackTeam "South Korea"]
[WhiteTeamCountry "PER"]

1. e4 c5 2. Nf3 e6 3. d4 cxd4 4. Nxd4 Nc6 5. Nc3 Nf6 6. a3 d6 7. Be3 Be7 8. Qf3 ({RR} 8. Bc4 O-O 9. Qe2 a6 10. O-O-O Qc7 11. Bb3 Na5 12. Kb1 b5 13. g4 Nxb3 14. cxb3 b4 15. axb4 Qb7 16. f3 Bd7 17. g5 Ne8 18. h4 Nc7 19. h5 Qxb4 20. g6 Bf6 21. gxh7+ Kh8 22. Qd2 Rab8 {1-0 Svidler,P (2714)-Rapport,R (2763) Paris GCT Blitz 2021 (9)}) ({RR} 8. Be2 O-O 9. Qd2 Nxd4 10. Qxd4 e5 11. Qd3 Be6 12. O-O a6 13. Rfd1 Rc8 14. a4 Qc7 15. a5 h6 16. Rd2 Qd7 17. Bb6 Ne8 18. Qg3 Bg5 19. Be3 Bxe3 20. Qxe3 Nf6 21. Na4 Rc6 22. Nb6 Qe7 {½-½ Mitkov,N (2373)-Hernandez Guerrero,G (2507) LXIX Mexican Open 2024 (7.7)}) 8... Nxd4 $146 ({RR} 8... O-O 9. O-O-O Qc7 10. Ndb5 Qb8 11. Qg3 Rd8 12. f4 a6 13. Nd4 Nxd4 14. Bxd4 b5 15. Bd3 e5 16. fxe5 Nh5 17. Qf3 dxe5 18. Nd5 Bf8 19. Qxh5 exd4 20. Rhf1 Be6 21. Rf3 Bxd5 22. exd5 g6 23. Qg5 {1-0 Wafa,H (2211)-Lopez del Alamo,A (2295) Titled Tue 12th Sep Late 2023 (2)}) 9. Bxd4 O-O 10. Bc4 Qc7 11. Qe2 e5 12. Be3 Be6 13. Bb3 h6 14. Rd1 Rfc8 15. O-O Bc4 16. Bxc4 Qxc4 17. Qf3 b5 18. Rd3 a5 19. Rc1 b4 20. b3 Qa6 21. axb4 axb4 22. Nd5 Nxd5 23. Rxd5 Qa2 24. Qd1 Qb2 25. g3 Bf8 26. Rb5 Ra6 27. Rb7 Rac6 28. Qd5 R6c7 29. Rxb4 Rc3 30. Rd1 Rxe3 31. Rb7 Rf3 32. Kg2 Rf6 33. Rd2 Rxc2 0-1

[Event "45th Olympiad 2024"]
[Site "Budapest HUN"]
[Date "2024.09.14"]
[Round "4.46"]
[Board "3"]
[White "Lee, Kyungseok"]
[Black "Fernandez Sanchez, Fernando Miguel"]
[Result "1/2-1/2"]
[WhiteElo "2044"]
[BlackElo "2399"]
[PlyCount "52"]
[EventDate "2024.09.11"]
[WhiteTeam "South Korea"]
[BlackTeam "Peru"]
[BlackTeamCountry "PER"]

1. d4 Nf6 2. c4 e6 3. Nf3 b6 4. g3 Ba6 5. b3 Bb4+ 6. Bd2 Be7 7. Bg2 O-O 8. O-O d5 9. Bf4 ({RR} 9. Bc3 c5 10. Ne5 Bb7 11. dxc5 bxc5 12. cxd5 exd5 13. Nd2 Nbd7 14. Rc1 Nxe5 15. Bxe5 Qb6 16. e3 Rac8 17. Re1 Rfd8 18. Qc2 Nd7 19. Bc3 Nf8 20. e4 d4 21. Nc4 Qa6 22. Ba5 Rd7 23. Bd2 Ne6 {1-0 Radjabov,T (2765)-Ding,L (2799) FTX Crypto Cup Prelim rapid 2021 (12)}) ({RR} 9. Nc3 c6 10. Bf4 Nbd7 11. cxd5 exd5 12. Ne1 Re8 13. Nd3 Nf8 14. Bg5 Ne6 15. Bxf6 Bxf6 16. e3 Nc5 17. dxc5 Bxc3 18. Rc1 Qf6 19. Qc2 d4 20. cxb6 axb6 21. Rfd1 Rad8 22. exd4 Bxd4 23. Nf4 g5 {0-1 Gukesh,D (2725)-Ding Liren (2811) 85th Tata Steel Masters 2023 (1.3)}) 9... c5 $146 ({RR} 9... Nbd7 10. Nc3 Bb7 11. cxd5 Nxd5 12. Nxd5 exd5 13. h4 Nf6 14. Rc1 c5 15. Ne5 Re8 16. Qd3 Bd6 17. e3 a5 18. Qd1 Qe7 19. Nd3 Rac8 20. Bxd6 Qxd6 21. Nf4 Red8 22. Qe2 Ra8 23. Rfd1 Ba6 24. Qd2 {0-1 Suarez,P (2019)-Lopez Azambuja,N (2328) Montevideo zt 2.5 2019 (7)}) ({RR} 9... c6 10. Nfd2 Nbd7 11. Nc3 Rc8 12. e4 dxe4 13. Ndxe4 Nxe4 14. Nxe4 Nf6 15. Re1 Nxe4 16. Bxe4 Bf6 17. Be5 c5 18. Qh5 g6 19. Qf3 Bxe5 20. dxe5 Qe7 21. h4 h5 22. Rad1 Rcd8 23. Qf4 Kg7 24. Rd6 {1-0 Assaubayeva,B (2389)-Baskin,R (2390) Titled Tuesday intern op 03rd Aug blitz 2021 (5)}) 10. Nc3 Nc6 11. cxd5 Nxd5 12. Nxd5 exd5 13. dxc5 bxc5 14. Re1 Re8 15. Rc1 h6 16. h4 Qd7 17. e4 d4 18. e5 Rad8 19. e6 fxe6 20. Ne5 Nxe5 21. Bxe5 Bf8 22. Be4 Bb7 23. Bd3 Qd5 24. Be4 Qd7 25. Bd3 Qd5 26. Be4 Qd7 1/2-1/2

[Event "45th Olympiad 2024"]
[Site "Budapest HUN"]
[Date "2024.09.14"]
[Round "4.46"]
[Board "4"]
[White "Delgado Romero, Marco"]
[Black "Huh, Isaak"]
[Result "0-1"]
[WhiteElo "2390"]
[BlackElo "2114"]
[PlyCount "102"]
[EventDate "2024.09.11"]
[WhiteTeam "Peru"]
[BlackTeam "South Korea"]
[WhiteTeamCountry "PER"]

1. e4 {Roiz,Michael} c5 2. Nf3 d6 3. c3 Nf6 4. Be2 g6 5. O-O Bg7 6. Bb5+ Nc6 ({RR} 6... Bd7 7. Bxd7+ Qxd7 ({RR} 7... Nbxd7 8. Re1 O-O 9. d4 cxd4 10. cxd4 d5 11. e5 Ne4 12. Nbd2 Nxd2 13. Bxd2 Qb6 14. Re3 Rac8 15. h4) 8. Re1 O-O 9. d4 Na6 10. d5 c4 11. Nbd2 Nc5) 7. d3 ({RR} 7. d4 Qb6 ({RR} 7... O-O 8. d5 Nb8 9. Re1 Bg4 10. Nbd2 Nbd7 11. h3 Bxf3 12. Nxf3 a6 13. Bf1 b5 14. Bf4) ({RR} 7... Bd7 8. d5 Ne5 9. Bxd7+ Nfxd7 10. Nxe5 Nxe5 11. a4 O-O 12. Bf4 Qb6 13. Qe2 c4 14. Bxe5 Bxe5 15. a5 Qb3 16. Na3) 8. Ba4 ({RR} 8. Na3 cxd4 9. cxd4 d5) 8... cxd4 9. cxd4 O-O 10. d5 Nb8 ({RR} 10... Na5 11. Nc3 ({RR} 11. Re1 Bg4 12. Nbd2 Rfc8 13. h3 Bd7 14. Bc2 e6) 11... Bg4 12. h3 Bxf3 13. Qxf3 Rac8 14. Qe2 Nc4) 11. Nc3 ({RR} 11. Re1 Bg4 12. Nbd2 Qc7 13. h3 Bd7 14. Bc2 Rc8 15. Bb1 a5) 11... Bg4 12. h3 Bxf3 13. Qxf3 Nbd7 14. Rb1 ({RR} 14. Be3 Qxb2 15. Rfc1 Qa3 16. Rab1 Nc5 17. Bxc5 Qxc5 18. Rxb7 Nxe4 19. Qxe4 Bxc3 20. Qf3 Qa3) 14... Rfc8 15. Bc2 Ne5 ({RR} 15... a6 16. Qe2 Qa5 17. Bd2 Ne5) 16. Qe2 Nfd7 17. Bg5 h6 ({RR} 17... Bf6 18. Bxf6 Nxf6 19. Kh2 Nc4 20. Bd3 Qd4) 18. Bh4 g5 19. Bg3 Qa6 ({RR} 19... Ng6 20. Rfc1 Be5 21. Bxe5 Ndxe5 22. g3 Rc4) 20. Qd1 Rc4 ({RR} 20... Nc4 21. Bd3 Qb6 ({RR} 21... Nc5 22. Be2 Bxc3 23. bxc3 Qxa2 24. Ra1 Qb3 25. Qd4) 22. Qe2 Nde5) 21. Kh1 Rac8 {1-0 Carlsen,M (2855)-Karjakin,S (2773) Bilbao Masters 9th 2016 (3)}) 7... O-O 8. Re1 a6 $146 ({RR} 8... Bg4 9. h3 Bxf3 10. Qxf3 Rc8 11. Bf4 Nd7 12. Nd2 a6 13. Ba4 b5 14. Bb3 Nde5 15. Qe2 Kh8 16. a3 Qd7 17. Bg3 Qb7 18. f4 Nd7 19. Nf3 Na5 20. Bd5 Qc7 21. Kh1 e6 22. Ba2 c4 23. d4 {1-0 Pinto,D (2250)-Alinasab,M (2306) Titled Tue 10th Oct Early 2023 (7)}) 9. Bxc6 bxc6 10. h3 e5 11. Na3 Nd7 12. Qa4 Qc7 13. Nc4 a5 14. b4 cxb4 15. cxb4 Nb6 16. Nxb6 Qxb6 17. Bd2 Qa6 18. Qxa5 Qb7 19. Rab1 Rxa5 20. bxa5 Qa8 21. Rec1 Ba6 22. Ne1 Bf6 23. Rb3 Bd8 24. Nc2 Bb5 25. Ra3 c5 26. Ne3 Bg5 27. Rb1 Bxe3 28. Bxe3 Qa6 29. Bd2 Bxd3 30. Rb6 Qc4 31. Bh6 Bxe4 32. a6 f5 33. Rxd6 f4 34. Rb3 Ra8 35. a7 Rxa7 36. Rb8+ Kf7 37. Rf8+ Ke7 38. Rdd8 Rd7 39. Rfe8+ Kd6 40. Rc8 Rc7 41. Rb8 Rb7 42. Bf8+ Kc6 43. Rbc8+ Kb6 44. Rxe5 Rd7 45. Kh2 Rd1 46. f3 Bxf3 47. Rb8+ Bb7 48. Bxc5+ Kc7 49. Ba7 Rh1+ 50. Kxh1 Qf1+ 51. Bg1 Qxg2# 0-1

[Event "45th Olympiad 2024"]
[Site "Budapest HUN"]
[Date "2024.09.14"]
[Round "4.47"]
[Board "1"]
[White "Barbaria, Yacine"]
[Black "Murphy, Conor E"]
[Result "0-1"]
[WhiteElo "2179"]
[BlackElo "2453"]
[PlyCount "126"]
[EventDate "2024.09.11"]
[WhiteTeam "Tunisia"]
[BlackTeam "Ireland"]
[WhiteTeamCountry "TUN"]
[BlackTeamCountry "IRL"]

1. e4 e5 2. Nf3 Nc6 3. Bc4 Nf6 4. d3 Bc5 5. c3 d6 6. Nbd2 O-O 7. h3 a5 8. O-O Ba7 9. Re1 Be6 10. Bb5 Ne7 11. Nf1 ({RR} 11. d4 Ng6 12. Bf1 a4 13. Qc2 c6 14. dxe5 dxe5 15. Nc4 Qc7 16. Be3 b5 17. Bxa7 Rxa7 18. Ne3 h6 19. c4 b4 20. Rad1 Rb8 21. b3 axb3 22. axb3 Ra3 23. Qb1 Nf8 24. Rc1 N8d7 25. Nd5 Qd8 {0-1 Mamedov,R (2651)-Bok,B (2620) Chessable Masters Div 2 W 2024 (1.3)}) 11... Ng6 12. d4 exd4 $146 ({RR} 12... c6 13. Bd3 Nh5 14. Bc2 Nhf4 15. Ng3 Qd7 16. Nf5 f6 17. h4 d5 18. Bxf4 Nxf4 19. dxe5 dxe4 20. Qxd7 Bxd7 21. Bxe4 fxe5 22. Ne3 Rae8 23. Rad1 Bc8 24. g3 Nh5 25. Ng5 Nf6 26. Bc2 g6 27. Kg2 {½-½ Sjugirov,S (2680)-Hovhannisyan,R (2643) Wch Blitz Warsaw 2021 (17)}) 13. Nxd4 d5 14. e5 Ne4 15. f3 Nc5 16. Nh2 Qh4 17. Be3 c6 18. Bf1 Nxe5 19. b3 Ng6 20. Qd2 Bb8 21. Bf2 Bf4 22. Qc2 Bg3 23. Bxg3 Qxg3 24. b4 axb4 25. cxb4 Na6 26. b5 cxb5 27. Nxe6 fxe6 28. Rxe6 Nf4 29. Re7 Nxh3+ 30. Kh1 Nf2+ 31. Kg1 Nh3+ 32. Kh1 Nf4 33. Rxb7 Rac8 34. Qd2 Rce8 35. Qd4 Rf5 36. Rc1 Rh5 37. Rxg7+ Qxg7 38. Qxf4 Rf8 39. Qd6 Qf6 40. Qxf6 Rxf6 41. Kg1 d4 42. Ng4 Rd6 43. Rc8+ Kg7 44. Nf2 Rhd5 45. Ne4 Rb6 46. Kf2 Rd7 47. Ra8 Nb4 48. Ra5 d3 49. Ke3 Nc6 50. Ra3 Ne5 51. Bxd3 Rxd3+ 52. Rxd3 Nxd3 53. Kxd3 Ra6 54. Nc3 b4 55. Nd5 Rxa2 56. Nxb4 Rxg2 57. Ke3 Kf6 58. Nd3 Kf5 59. Nf4 Rh2 60. Ne2 Kg5 61. f4+ Kg4 62. Nd4 Rh1 63. Ne2 Rf1 0-1

[Event "45th Olympiad 2024"]
[Site "Budapest HUN"]
[Date "2024.09.14"]
[Round "4.47"]
[Board "2"]
[White "Baburin, Alexander"]
[Black "Ben Ammar, Mohamed"]
[Result "1-0"]
[WhiteElo "2376"]
[BlackElo "2143"]
[PlyCount "115"]
[EventDate "2024.09.11"]
[WhiteTeam "Ireland"]
[BlackTeam "Tunisia"]
[WhiteTeamCountry "IRL"]
[BlackTeamCountry "TUN"]

1. d4 Nf6 2. Nf3 e6 3. c4 Bb4+ 4. Bd2 Be7 5. Nc3 d5 6. Qc2 O-O ({RR} 6... dxc4 7. e3 c5 8. dxc5 Bxc5 9. Bxc4 Nc6 10. a3 Bd7 11. Rd1 Rc8 12. Ne4 Be7 13. Bc3 Nxe4 14. Qxe4 Bf6 15. Qd3 Bxc3+ 16. Qxc3 O-O 17. Bd3 Rc7 18. O-O Qf6 19. Rc1 Rfc8 20. Rfd1 h6 21. Be4 {½-½ Ftacnik,L (2602)-Jussupow,A (2622) Bundesliga 0203 2002 (8.2)}) ({RR} 6... Nc6 7. e3 Nb4 8. Qd1 c5 9. cxd5 cxd4 10. Bb5+ Kf8 11. Nxd4 Nbxd5 12. Nxd5 Qxd5 13. Qf3 Qxf3 14. gxf3 a6 15. Bd3 Bd7 16. Ke2 Rc8 17. Rac1 Bd6 18. b4 Ke7 19. b5 axb5 20. Nxb5 Bxb5 21. Bxb5 {½-½ Sternik,P (1829)-Szukalski,A (1655) 282nd YMCA Winter A 2024 (7)}) 7. e3 a6 8. Rc1 dxc4 $146 ({RR} 8... Nbd7 9. c5 Re8 10. Bd3 c6 11. O-O Qc7 12. Ne2 e5 13. Nxe5 Nxe5 14. dxe5 Qxe5 15. Bc3 Qh5 16. Ng3 Qh4 17. Bd4 g6 18. b4 Bf8 19. a4 Bh6 20. h3 Ne4 21. Nxe4 dxe4 22. Bc4 Bf8 23. Rfd1 {1-0 Petrashov,A (2021)-Wohlfahrt,F (1964) Mittelfranken-chTB1 1718 2017 (1.2)}) 9. Bxc4 c5 10. dxc5 Bxc5 11. O-O Nc6 12. Rfd1 Qe7 13. Ne4 Nxe4 14. Qxe4 Bd7 15. Bc3 Rad8 16. Qg4 f5 17. Qg5 Bc8 18. Rxd8 Nxd8 19. Qxe7 Bxe7 20. Ne5 Nf7 21. Bb3 Bf6 22. Nxf7 Kxf7 23. Bxf6 Kxf6 24. Rc7 e5 25. h4 f4 26. Bd5 fxe3 27. fxe3 b5 28. b4 h5 29. e4 Kg6 30. a3 Bg4 31. Rc6+ Rf6 32. Rxf6+ gxf6 33. Bb7 Bd7 34. Bxa6 Bc6 35. Kf2 f5 36. g3 fxe4 37. Ke3 Kf6 38. Bc8 Ke7 39. Bf5 Kf6 40. Bh3 Ke7 41. Bf1 Kf6 42. Be2 Kg6 43. Bd1 Kh6 44. Be2 Kg6 45. g4 hxg4 46. Bxg4 Kf6 47. Bh3 Kg6 48. Bg2 Kh5 49. Bxe4 Be8 50. Bd5 Kxh4 51. Ke4 Kg3 52. Kxe5 Kf2 53. Kd6 Ke3 54. Bc6 Bh5 55. Kc5 Kd3 56. Bxb5+ Kc3 57. a4 Bf3 58. a5 1-0

[Event "45th Olympiad 2024"]
[Site "Budapest HUN"]
[Date "2024.09.14"]
[Round "4.47"]
[Board "3"]
[White "Taieb, Sahbi"]
[Black "O'Gorman, Tom"]
[Result "0-1"]
[WhiteElo "2118"]
[BlackElo "2353"]
[PlyCount "106"]
[EventDate "2024.09.11"]
[WhiteTeam "Tunisia"]
[BlackTeam "Ireland"]
[WhiteTeamCountry "TUN"]
[BlackTeamCountry "IRL"]

1. e4 e5 2. Nf3 Nc6 3. Bc4 Bc5 4. d3 Nf6 5. Nc3 O-O 6. Be3 Bxe3 7. fxe3 d6 8. O-O Na5 9. Bb3 Nxb3 10. axb3 Re8 11. Qe1 c6 12. Nh4 d5 $146 ({RR} 12... Ng4 13. Rf3 d5 14. exd5 cxd5 15. e4 d4 16. Nd5 Be6 17. Qg3 Rc8 18. Nf5 Bxf5 19. Rxf5 Nh6 20. Rxe5 Rxe5 21. Qxe5 Rxc2 22. Qxd4 Qg5 23. Nf4 Rc8 24. Rf1 Ng4 25. h3 Rd8 26. Qxa7 Ne5 27. Qf2 {0-1 Porta Tovar,O (1651)-Gonzalez Garcia,S (1845) Cerdanyola del Valles op 28th 2010 (2)}) 13. exd5 cxd5 14. Nf5 d4 15. Ne4 Bxf5 16. Rxf5 Nxe4 17. dxe4 Qb6 18. Qa5 Qc6 19. exd4 Qxe4 20. Raf1 Qxd4+ 21. Kh1 f6 22. c3 Qd7 23. Qc5 a6 24. Qc4+ Qe6 25. Qe4 Rad8 26. h4 Rd7 27. h5 Rf8 28. Qh4 Rdf7 29. h6 g6 30. R5f2 f5 31. Rd2 Qe7 32. Qxe7 Rxe7 33. Rfd1 Kf7 34. Kg1 Kf6 35. Kf2 Rff7 36. Rd5 Kg5 37. Re1 e4 38. Rh1 Rd7 39. c4 Rxd5 40. cxd5 Rd7 41. Rd1 Kf4 42. Rc1 Ke5 43. Rc5 Kd6 44. Rc8 Kxd5 45. Ke3 Ke5 46. Rg8 f4+ 47. Ke2 Kf6 48. b4 Rc7 49. Kd2 e3+ 50. Kd1 Rd7+ 51. Ke1 Rd2 52. Rf8+ Kg5 53. Kf1 Rf2+ 0-1

[Event "45th Olympiad 2024"]
[Site "Budapest HUN"]
[Date "2024.09.14"]
[Round "4.47"]
[Board "4"]
[White "Fitzsimons, David"]
[Black "Amdouni, Zoubaier"]
[Result "0-1"]
[WhiteElo "2315"]
[BlackElo "2151"]
[PlyCount "130"]
[EventDate "2024.09.11"]
[WhiteTeam "Ireland"]
[BlackTeam "Tunisia"]
[WhiteTeamCountry "IRL"]
[BlackTeamCountry "TUN"]

1. e4 c5 2. Nf3 Nc6 3. Bb5 g6 4. O-O Bg7 5. Nc3 Nf6 6. e5 Ng4 7. Bxc6 dxc6 8. Re1 Qc7 9. Qe2 O-O 10. d3 Nh6 11. Ne4 b6 12. Bf4 Bg4 13. Qd2 Bxf3 14. e6 $146 ({RR} 14. Bxh6 Bxe4 15. Rxe4 Bxe5 16. Bxf8 Rxf8 17. Rh4 f5 18. c3 Qd6 19. f4 Bf6 20. Rh3 b5 21. Rf3 b4 22. Qc2 Rd8 23. a3 bxc3 24. bxc3 c4 25. Qa2 Qc5+ 26. Kf1 Rb8 27. Qxc4+ Qxc4 28. dxc4 Rb3 {1-0 Roselle,T (2222)-Deodhar,V (1880) Rochefort op-A 19th 2020 (8)}) 14... Qc8 15. Bxh6 Bxe4 16. Rxe4 f5 17. Re2 Rf6 18. Rae1 Bxh6 19. Qxh6 f4 20. f3 Qf8 21. Qh4 Qg7 22. Re5 Raf8 23. R1e4 Rf5 24. Rxf5 Rxf5 25. c3 Qf6 26. Qe1 Rd5 27. Qd2 g5 28. h3 Qf5 29. Qc2 b5 30. a4 a6 31. axb5 axb5 32. Qe2 Kg7 33. c4 bxc4 34. dxc4 Rd4 35. Rxd4 cxd4 36. b4 Kf6 37. Qb2 Qd3 38. b5 cxb5 39. cxb5 Qc3 40. Qb1 d3 41. Kh2 d2 42. Qxh7 Kxe6 43. Qg8+ Kd7 44. Qd5+ Kc7 45. h4 gxh4 46. Kh3 Qc2 47. Qe5+ Kb6 48. Qb8+ Ka5 49. Qa7+ Kxb5 50. Qb7+ Kc4 51. Qc6+ Kd3 52. Qe4+ Kc3 53. Qe5+ Kb3 54. Qb5+ Ka2 55. Qa5+ Kb1 56. Qb4+ Qb2 57. Qe4+ Kc1 58. Qc4+ Qc2 59. Qxf4 e5 60. Qxe5 d1=Q 61. Qa1+ Kd2 62. Qd4+ Ke2 63. Qe5+ Kf1 64. Qg5 Qdd2 65. Qb5+ Qe2 0-1